000 00366 a2200169 4500
001 70684
020 _a8516012131
040 _cAnchieta - Itaigara
100 _aBranco, Samuel Murgel
240 1 0 _aPoluição do ar
_lpor
245 1 0 _aPoluição do ar
300 _a87
362 0 _a1995
440 1 _aModerna
650 4 _aGeografia e História
942 _cBK
999 _c70684
_d70684